[Event "C.to Europeo U18"]
[Site "Fermo ITA"]
[Date "2009.09.03"]
[Round "4"]
[White "Zupec, Jan"]
[Black "Sabuk, Piotr"]
[Result "1/2-1/2"]
[WhiteElo "1976"]
[BlackElo "2216"]
[PlyCount "79"]
[EventDate "2009.08.31"]

1. d4 f5 2. Nf3 g6 3. c3 Nf6 4. Qb3 Bg7 5. h4 e6 6. Bg5 h6 7. Bxf6 Qxf6 8. Nbd2
b6 9. e4 Bb7 10. Bd3 Nc6 11. Qc2 Rf8 12. O-O-O O-O-O 13. Kb1 Kb8 14. Rde1 d6
15. Re2 e5 16. d5 Ne7 17. c4 Qf7 18. Rd1 Rc8 19. Qb3 c6 20. Nf1 cxd5 21. cxd5
Nxd5 22. exd5 Bxd5 23. Qa3 e4 24. Ba6 exf3 25. gxf3 Rc5 26. Red2 Be5 27. Ne3
Ra5 28. Qxa5 bxa5 29. Rxd5 Ka8 30. Bc4 Rc8 31. Rxe5 Rxc4 32. Nxc4 Qxc4 33. Red5
Kb7 34. Rxd6 Qe2 35. Rd7+ Kc6 36. R1d6+ Kc5 37. Rd5+ Kc6 38. R5d6+ Kc5 39. Rd5+
Kc6 40. R5d6+ 1/2-1/2

[Event "C.to Europeo U18"]
[Site "Fermo ITA"]
[Date "2009.09.04"]
[Round "5"]
[White "Baloire, Endy"]
[Black "Albano, Axel"]
[Result "1-0"]
[WhiteElo "1895"]
[BlackElo "1524"]
[PlyCount "51"]
[EventDate "2009.08.31"]

1. d4 e6 2. Bf4 Nf6 3. Nf3 b6 4. e3 Bb7 5. c3 Nh5 6. Bg3 Nxg3 7. hxg3 d5 8. Bd3
Bd6 9. Nbd2 f5 10. Ne5 Bxe5 11. dxe5 Nd7 12. f4 Qe7 13. a4 a5 14. Nf3 h6 15. g4
Qf8 16. gxf5 exf5 17. Nh4 Qc5 18. Qh5+ Kd8 19. Nxf5 Rg8 20. Qf7 Qf8 21. Qg6 Nc5
22. Bb5 Bc8 23. Nd4 Bd7 24. Bxd7 Kxd7 25. Qc6+ Ke7 26. Qxc7+ 1-0

[Event "C.to Europeo U18"]
[Site "Fermo ITA"]
[Date "2009.09.04"]
[Round "5"]
[White "Balokas, Dimitrios"]
[Black "Della Mora, David"]
[Result "1-0"]
[WhiteElo "1922"]
[BlackElo "1665"]
[PlyCount "79"]
[EventDate "2009.08.31"]

1. d4 Nf6 2. c4 g6 3. Nc3 Bg7 4. e4 d6 5. Be2 O-O 6. Nf3 Na6 7. O-O c5 8. d5
Nc7 9. h3 a6 10. a4 Bd7 11. Bf4 Rb8 12. e5 Nfe8 13. Ne4 b5 14. exd6 exd6 15.
Nxd6 Bxb2 16. Rb1 bxa4 17. Qd2 a3 18. Ne4 Bf5 19. Bd3 Bxe4 20. Bxe4 Nd6 21. Bd3
Re8 22. Qc2 Rb4 23. Bd2 Rb7 24. Bc3 Qb8 25. h4 Bxc3 26. Qxc3 Ne4 27. Qxa3 f5
28. Rxb7 Qxb7 29. Rb1 Qa7 30. Qb2 a5 31. Qb7 Qxb7 32. Rxb7 Na6 33. Bxe4 Rxe4
34. d6 Kf8 35. Rxh7 Rxc4 36. d7 Rc1+ 37. Kh2 Rd1 38. Ne5 Kg8 39. Re7 Nc7 40.
Re8+ 1-0

[Event "C.to Europeo U18"]
[Site "Fermo ITA"]
[Date "2009.09.04"]
[Round "5"]
[White "Botta, Gabriele"]
[Black "Rombaldoni, Axel"]
[Result "0-1"]
[WhiteElo "2228"]
[BlackElo "2425"]
[PlyCount "64"]
[EventDate "2009.08.31"]

1. e4 c5 2. Nf3 d6 3. d4 cxd4 4. Nxd4 Nf6 5. Nc3 Bd7 6. Bg5 e6 7. Qd2 a6 8.
O-O-O h6 9. Be3 Ng4 10. Be2 Nxe3 11. Qxe3 Be7 12. Kb1 Nc6 13. f4 Rc8 14. g4 b5
15. Nxc6 Rxc6 16. Bf3 Qb6 17. Qd2 b4 18. Ne2 a5 19. e5 d5 20. Nd4 Rc7 21. f5
Bg5 22. Qd3 O-O 23. fxe6 fxe6 24. Qg6 Be3 25. Bxd5 Bxd4 26. Be4 Rf2 27. Qh7+
Kf8 28. Bg6 Bxe5 29. Qh8+ Ke7 30. Rxd7+ Rxd7 31. Qe8+ Kd6 32. Rd1+ Bd4 0-1

[Event "C.to Europeo U18"]
[Site "Fermo ITA"]
[Date "2009.09.04"]
[Round "5"]
[White "Bulanov, Dmitri"]
[Black "Massoni, Michael"]
[Result "1-0"]
[WhiteElo "2393"]
[BlackElo "2291"]
[PlyCount "35"]
[EventDate "2009.08.31"]

1. f4 c5 2. Nf3 Nc6 3. g3 g6 4. Bg2 Bg7 5. O-O d5 6. d3 Nf6 7. Nc3 d4 8. Ne4
Nxe4 9. dxe4 O-O 10. a3 a5 11. h3 e6 12. g4 f5 13. gxf5 exf5 14. e5 Be6 15. h4
Qd7 16. h5 Bd5 17. hxg6 hxg6 18. Qe1 1-0

[Event "C.to Europeo U18"]
[Site "Fermo ITA"]
[Date "2009.09.04"]
[Round "5"]
[White "Casanova, Fernando"]
[Black "Gevorgyan, David"]
[Result "1/2-1/2"]
[WhiteElo "2059"]
[BlackElo "2274"]
[PlyCount "87"]
[EventDate "2009.08.31"]

1. c4 e5 2. Nc3 Nc6 3. g3 g6 4. Bg2 Bg7 5. e3 d6 6. Nge2 Be6 7. d3 Qd7 8. h3
Nf6 9. Nd5 O-O 10. Qa4 Ne8 11. Rb1 f5 12. f4 Nf6 13. O-O Rf7 14. b4 Nh5 15. Kh2
h6 16. Bd2 g5 17. Qa3 Nd8 18. b5 Qc8 19. Rfc1 Bf8 20. Bb4 a5 21. Bc3 Qd7 22.
Qb2 exf4 23. exf4 Bg7 24. Nd4 Kh7 25. Bf3 g4 26. hxg4 fxg4 27. Be4+ Kh8 28. Bg6
Bxd5 29. Bxh5 Be6 30. Nxe6 Nxe6 31. Bxf7 Qxf7 32. Bxg7+ Nxg7 33. Kg2 Kh7 34.
Qe2 Re8 35. Qxg4 Nf5 36. Kf2 Qf6 37. Qh5 Rg8 38. Re1 Nxg3 39. Qf3 Qd4+ 40. Qe3
Nh1+ 41. Kf1 Ng3+ 42. Kf2 Nh1+ 43. Kf1 Ng3+ 44. Kf2 1/2-1/2

[Event "C.to Europeo U18"]
[Site "Fermo ITA"]
[Date "2009.09.04"]
[Round "5"]
[White "Chirila, Ioan-Cristian"]
[Black "Benidze, Davit"]
[Result "1-0"]
[WhiteElo "2526"]
[BlackElo "2437"]
[PlyCount "91"]
[EventDate "2009.08.31"]

1. e4 c5 2. Nf3 Nc6 3. d4 cxd4 4. Nxd4 d6 5. Nc3 Nf6 6. Bg5 Qb6 7. Nb3 e6 8.
Bxf6 gxf6 9. Qd2 Bd7 10. f4 O-O-O 11. O-O-O Rg8 12. g3 Kb8 13. Be2 Na5 14. Bh5
Rg7 15. Kb1 Rc8 16. Qe2 a6 17. Rd3 Be7 18. Rhd1 Nc4 19. Bg4 Qc7 20. Bh3 Nb6 21.
f5 Nc4 22. fxe6 fxe6 23. Nd4 Qb6 24. b3 Na3+ 25. Kb2 Nc4+ 26. Ka1 Ne5 27. Bxe6
Nxd3 28. Qxd3 Bxe6 29. Nxe6 Rf7 30. Nd5 Qb5 31. Qxb5 axb5 32. Kb1 Bf8 33. Rf1
Bh6 34. Nd4 Re8 35. Nf5 Bf8 36. Rf4 Kc8 37. Kb2 Kd7 38. Kc3 Rc8+ 39. Kd3 Re8
40. Nd4 Bg7 41. Rf5 Re5 42. Nxb5 Rxf5 43. exf5 Rf8 44. Nd4 Bh8 45. a4 Rg8 46.
a5 1-0

[Event "C.to Europeo U18"]
[Site "Fermo ITA"]
[Date "2009.09.04"]
[Round "5"]
[White "Georgescu, Tiberiu-Marian"]
[Black "Bebel, Arkadiusz"]
[Result "1/2-1/2"]
[WhiteElo "2382"]
[BlackElo "2276"]
[PlyCount "26"]
[EventDate "2009.08.31"]

1. d4 e6 2. e4 d5 3. e5 c5 4. c3 Nc6 5. Nf3 Qb6 6. Be2 cxd4 7. cxd4 Nh6 8. b3
Bb4+ 9. Kf1 Nf5 10. Bb2 h5 11. Nc3 Qa5 12. Rc1 Bd7 13. g3 Rc8 1/2-1/2

[Event "C.to Europeo U18"]
[Site "Fermo ITA"]
[Date "2009.09.04"]
[Round "5"]
[White "Goumas, Georgios"]
[Black "Smola, Michal"]
[Result "0-1"]
[WhiteElo "2315"]
[BlackElo "2231"]
[PlyCount "102"]
[EventDate "2009.08.31"]

1. e4 c5 2. b3 d6 3. Bb2 Nf6 4. Nc3 g6 5. Bb5+ Nbd7 6. f4 Bg7 7. Qe2 a6 8.
Bxd7+ Bxd7 9. Nf3 O-O 10. O-O b5 11. Rae1 Rc8 12. d3 c4 13. b4 cxd3 14. cxd3
Bg4 15. Qd2 Bh6 16. Ng5 Nh5 17. h3 Bd7 18. g4 Nxf4 19. Qxf4 f6 20. Nd5 Bxg5 21.
Qf2 Be6 22. h4 Bh6 23. g5 Bg7 24. Nxe7+ Qxe7 25. gxf6 Qd7 26. Qd4 Bh3 27. e5
Qb7 28. Rf2 dxe5 29. Qe3 Rxf6 30. Qxh3 Rxf2 31. Kxf2 Rc2+ 32. Re2 Qf7+ 33. Ke1
Qf5 34. Qe3 Qf4 35. Qxf4 Rxe2+ 36. Kxe2 exf4 37. Bxg7 Kxg7 38. Kf3 Kf6 39. Kxf4
h6 40. Ke4 Ke6 41. a3 Kd6 42. Kd4 g5 43. h5 Ke6 44. Ke4 Kd6 45. Kd4 Ke6 46. Ke4
Kf6 47. d4 Ke6 48. Kd3 Kd5 49. Ke3 g4 50. Kf4 Kxd4 51. Kxg4 Ke4 0-1

[Event "C.to Europeo U18"]
[Site "Fermo ITA"]
[Date "2009.09.04"]
[Round "5"]
[White "Kleijn, Christov"]
[Black "Mordechai, Hanan"]
[Result "1/2-1/2"]
[WhiteElo "2377"]
[BlackElo "2263"]
[PlyCount "123"]
[EventDate "2009.08.31"]

1. e4 c5 2. Nf3 d6 3. d4 cxd4 4. Nxd4 Nf6 5. Nc3 g6 6. Be3 Bg7 7. f3 O-O 8. Qd2
Nc6 9. Bc4 Bd7 10. O-O-O Rb8 11. Bb3 Na5 12. Kb1 b5 13. g4 Nc4 14. Bxc4 bxc4
15. Ka1 Qb6 16. Rb1 Qa5 17. h4 Rb6 18. h5 Bxg4 19. fxg4 Nxe4 20. Qe1 Ra6 21. a3
Rb8 22. Na2 c3 23. bxc3 Rxb1+ 24. Qxb1 Qxa3 25. Qb8+ Bf8 26. Qb3 Qxb3 27. cxb3
Nxc3 28. Rh2 e5 29. Nf3 f5 30. gxf5 gxf5 31. Rc2 Nd5 32. Rg2+ Kf7 33. Ng5+ Ke7
34. Bd2 h6 35. Nh7 f4 36. Nxf8 Kxf8 37. Kb2 Kf7 38. Nc3 Nf6 39. Rg6 Nxh5 40.
Rxh6 Nf6 41. b4 Kg7 42. Bxf4 exf4 43. Rh4 Kf7 44. Rxf4 Ke6 45. b5 Rb6 46. Ra4
Nd5 47. Rxa7 Nxc3 48. Kxc3 Rxb5 49. Kd4 Rh5 50. Ra6 Rh4+ 51. Kd3 Ke5 52. Ra5+
d5 53. Ra8 Rh3+ 54. Kd2 Ke4 55. Ra7 Rh2+ 56. Kd1 Rg2 57. Ra4+ Kd3 58. Ra3+ Kc4
59. Rh3 d4 60. Ra3 Rf2 61. Rh3 d3 62. Rh8 1/2-1/2

[Event "C.to Europeo U18"]
[Site "Fermo ITA"]
[Date "2009.09.04"]
[Round "5"]
[White "Kopylov, Alexander A."]
[Black "Rasulov, Vugar Ural Oglu"]
[Result "1-0"]
[WhiteElo "2442"]
[BlackElo "2482"]
[PlyCount "67"]
[EventDate "2009.08.31"]

1. Nf3 Nf6 2. g3 g6 3. Bg2 Bg7 4. O-O O-O 5. c4 d5 6. cxd5 Nxd5 7. Nc3 Nb6 8.
d3 Nc6 9. Be3 e5 10. Qd2 Re8 11. Bh6 Bh8 12. Rad1 Ne7 13. Nh4 Nbd5 14. e4 Nxc3
15. bxc3 c5 16. f4 exf4 17. Qxf4 Be6 18. Bh3 Qd7 19. Bxe6 Qxe6 20. d4 Nc8 21.
Nf3 Qe7 22. e5 cxd4 23. cxd4 Nb6 24. Ng5 Nc4 25. Nxf7 Bg7 26. Bxg7 Kxg7 27.
Qh6+ Kg8 28. Rf6 Qd7 29. Qf4 Nb6 30. Qh4 Nd5 31. Nh6+ Kh8 32. Rd6 Qa4 33. Nf7+
Kg8 34. Rf1 1-0

[Event "C.to Europeo U18"]
[Site "Fermo ITA"]
[Date "2009.09.04"]
[Round "5"]
[White "MacGregor, Ian Ross"]
[Black "Torres Ventosa, Pedro Eugenio"]
[Result "0-1"]
[WhiteElo "1854"]
[BlackElo "2135"]
[PlyCount "60"]
[EventDate "2009.08.31"]

1. d4 Nf6 2. Nf3 g6 3. Bf4 Bg7 4. e3 O-O 5. Be2 d5 6. Nbd2 b6 7. Ne5 Bb7 8. h4
Nbd7 9. h5 Ne4 10. hxg6 hxg6 11. Bd3 Nxe5 12. dxe5 Nxd2 13. Kxd2 Qd7 14. Qf3
Qe6 15. Qg3 Rfd8 16. Rh2 c5 17. c3 Rac8 18. Rah1 d4 19. exd4 cxd4 20. c4 b5 21.
b3 bxc4 22. Bxc4 Bd5 23. Qh4 Bxe5 24. Bxe5 Qxe5 25. Re1 Qg7 26. Rxe7 Bxc4 27.
bxc4 d3 28. Rb7 Rd4 29. Qh3 Rdxc4 30. Qxd3 Rd4 0-1

[Event "C.to Europeo U18"]
[Site "Fermo ITA"]
[Date "2009.09.04"]
[Round "5"]
[White "Martinovic, Sasa"]
[Black "Anton, Teodor"]
[Result "1-0"]
[WhiteElo "2525"]
[BlackElo "2379"]
[PlyCount "69"]
[EventDate "2009.08.31"]

1. d4 e6 2. c4 Nf6 3. Nc3 Bb4 4. e3 c5 5. Nge2 d5 6. a3 Bxc3+ 7. Nxc3 cxd4 8.
exd4 dxc4 9. Bxc4 O-O 10. O-O Nc6 11. Be3 h6 12. Rc1 b6 13. d5 Ne5 14. Bb5 Nxd5
15. Nxd5 Qxd5 16. Qxd5 exd5 17. Bf4 Bd7 18. Ba6 Ng6 19. Bd6 Bc8 20. Bb5 Rd8 21.
Bc7 Bd7 22. Ba6 Bc8 23. Bd3 Rf8 24. f4 f5 25. Bb5 Bb7 26. Rfe1 d4 27. Red1 Nh4
28. Rxd4 Bxg2 29. Rd7 Be4 30. Kf2 Nf3 31. h3 Rf6 32. Be2 Nh4 33. Be5 Rg6 34.
Rcc7 Rg2+ 35. Kf1 1-0

[Event "C.to Europeo U18"]
[Site "Fermo ITA"]
[Date "2009.09.04"]
[Round "5"]
[White "Mereu, Matteo"]
[Black "Lach, Piotr"]
[Result "0-1"]
[WhiteElo "1964"]
[BlackElo "2148"]
[PlyCount "54"]
[EventDate "2009.08.31"]

1. e4 c5 2. b4 cxb4 3. a3 d5 4. e5 Nc6 5. d4 Qb6 6. Be3 Bf5 7. Bd3 Bxd3 8. Qxd3
e6 9. Ne2 Nge7 10. O-O Nf5 11. axb4 Bxb4 12. c3 Be7 13. Nd2 O-O 14. f4 Na5 15.
Bf2 h5 16. Rab1 Qc7 17. Qf3 g6 18. g4 hxg4 19. Qxg4 Kg7 20. Kh1 Rh8 21. Rg1 a6
22. c4 Nxc4 23. Nxc4 Qxc4 24. Rxb7 Rab8 25. Rxe7 Nxe7 26. Bh4 Rxh4 27. Qxh4
Qxe2 0-1

[Event "C.to Europeo U18"]
[Site "Fermo ITA"]
[Date "2009.09.04"]
[Round "5"]
[White "Ollier, Pablo"]
[Black "Krejci, Jan"]
[Result "0-1"]
[WhiteElo "2226"]
[BlackElo "2453"]
[PlyCount "42"]
[EventDate "2009.08.31"]

1. d4 Nf6 2. c4 e6 3. Nc3 Bb4 4. e3 O-O 5. Bd3 d5 6. a3 Bxc3+ 7. bxc3 b6 8.
cxd5 exd5 9. Ne2 Ba6 10. Bxa6 Nxa6 11. Qd3 Qc8 12. O-O c5 13. f3 Re8 14. Ra2
Qb7 15. Ng3 Rad8 16. Re2 b5 17. e4 dxe4 18. fxe4 cxd4 19. e5 Nc5 20. Qf5 d3 21.
Re3 Nd5 0-1

[Event "C.to Europeo U18"]
[Site "Fermo ITA"]
[Date "2009.09.04"]
[Round "5"]
[White "Paichadze, Luka"]
[Black "Garnelis, Julius"]
[Result "1-0"]
[WhiteElo "2420"]
[BlackElo "2228"]
[PlyCount "39"]
[EventDate "2009.08.31"]

1. e4 c6 2. d4 d5 3. Nc3 dxe4 4. Nxe4 Bf5 5. Ng3 Bg6 6. h4 h6 7. Nf3 Nd7 8. h5
Bh7 9. Bd3 Bxd3 10. Qxd3 Qc7 11. Bd2 e6 12. O-O-O Ngf6 13. Qe2 O-O-O 14. Ne5
Nb6 15. c4 c5 16. Be3 Bd6 17. Nxf7 Qxf7 18. dxc5 Bc7 19. cxb6 axb6 20. Bd4 1-0

[Event "C.to Europeo U18"]
[Site "Fermo ITA"]
[Date "2009.09.04"]
[Round "5"]
[White "Palmitessa, Andrea"]
[Black "Zamengo, Bruno"]
[Result "1/2-1/2"]
[WhiteElo "1796"]
[BlackElo "1847"]
[PlyCount "117"]
[EventDate "2009.08.31"]

1. e4 e6 2. d4 d5 3. e5 c5 4. c3 Qb6 5. Nf3 Nc6 6. a3 c4 7. Be2 Bd7 8. Nbd2 Na5
9. Rb1 Nb3 10. Nxb3 Ba4 11. Bg5 Bxb3 12. Qc1 Ne7 13. Bd1 Nc6 14. Bxb3 Qxb3 15.
Qd1 Qxd1+ 16. Kxd1 h6 17. Bc1 Na5 18. Nd2 b6 19. b4 cxb3 20. Nxb3 Nc4 21. Ra1
Be7 22. Kc2 Kd7 23. a4 Rhc8 24. Nd2 a6 25. Nxc4 Rxc4 26. Bd2 Rac8 27. Rhb1 R8c6
28. Kd3 Bg5 29. Rb3 Bxd2 30. Kxd2 Kc7 31. Raa3 Kb7 32. Kd3 Rc7 33. Rb2 f6 34.
Re2 Re7 35. f4 Rc6 36. exf6 gxf6 37. Rc2 e5 38. dxe5 fxe5 39. fxe5 Rxe5 40. c4
dxc4+ 41. Rxc4 Rd6+ 42. Rd4 Rxd4+ 43. Kxd4 Re2 44. Rg3 Re6 45. Kd5 Rf6 46. Rg7+
Kb8 47. Rg8+ Kb7 48. Rg7+ Kb8 49. g4 b5 50. axb5 axb5 51. Kc5 Rf2 52. h4 h5 53.
Kxb5 hxg4 54. Rxg4 Kc7 55. Kc5 Kd7 56. Kd5 Ke7 57. Ke5 Kf7 58. Rf4+ Rxf4 59.
Kxf4 1/2-1/2

[Event "C.to Europeo U18"]
[Site "Fermo ITA"]
[Date "2009.09.04"]
[Round "5"]
[White "Pavlidis, Anastasios"]
[Black "Soors, Stef"]
[Result "1-0"]
[WhiteElo "2348"]
[BlackElo "2222"]
[PlyCount "81"]
[EventDate "2009.08.31"]

1. e4 e6 2. d4 d5 3. Nc3 Bb4 4. e5 Ne7 5. a3 Bxc3+ 6. bxc3 b6 7. Nf3 Qd7 8. a4
Ba6 9. Bxa6 Nxa6 10. Qd3 Nb8 11. c4 dxc4 12. Qxc4 Nbc6 13. O-O Qd5 14. Qd3 Na5
15. Rd1 Rd8 16. Bg5 Rd7 17. Rac1 Nc4 18. Rb1 c6 19. Rb4 b5 20. Rdb1 a6 21. Nd2
Nxd2 22. Bxd2 O-O 23. Be3 Rfd8 24. h3 Nf5 25. axb5 axb5 26. Ra1 f6 27. exf6
gxf6 28. f3 Kh8 29. Bf2 Qd6 30. c3 Rg7 31. Re1 Ra8 32. Rb2 Qf4 33. Qe4 Qh6 34.
Kh2 Nd6 35. Qxc6 Rd8 36. Rxe6 Rdg8 37. Be3 Qh4 38. Qxd6 Rg6 39. Re4 Qe1 40. Bg5
fxg5 41. Qe5+ 1-0

[Event "C.to Europeo U18"]
[Site "Fermo ITA"]
[Date "2009.09.04"]
[Round "5"]
[White "Pelagalli, Marco"]
[Black "Piccoli, Vincenzo"]
[Result "0-1"]
[WhiteElo "1836"]
[BlackElo "2007"]
[PlyCount "26"]
[EventDate "2009.08.31"]

1. e4 c5 2. Nc3 a6 3. f4 b5 4. Nf3 Bb7 5. d3 Nf6 6. h3 e6 7. g4 d5 8. e5 Nfd7
9. Bg2 Nc6 10. O-O Be7 11. d4 cxd4 12. Nxd4 Nxd4 13. Qxd4 Bc5 0-1

[Event "C.to Europeo U18"]
[Site "Fermo ITA"]
[Date "2009.09.04"]
[Round "5"]
[White "Prohaszka, Peter"]
[Black "Alonso Rosell, Alvar"]
[Result "0-1"]
[WhiteElo "2508"]
[BlackElo "2461"]
[PlyCount "74"]
[EventDate "2009.08.31"]

1. d4 d5 2. Nf3 c5 3. c4 dxc4 4. e3 cxd4 5. Bxc4 Qc7 6. Bb3 dxe3 7. Bxe3 e6 8.
Nc3 Nf6 9. Rc1 Nc6 10. O-O Be7 11. Nb5 Qb8 12. g3 O-O 13. Qe2 e5 14. Ng5 Bf5
15. f4 a6 16. Nc3 exf4 17. Rxf4 Bg6 18. Rcf1 Qc7 19. Bc2 Rae8 20. Bxg6 hxg6 21.
Qf2 Ne5 22. Qg2 Neg4 23. Qh3 Bc5 24. Rxg4 Bxe3+ 25. Kg2 Qc6+ 26. Rf3 Bxg5 27.
Rxg5 Ne4 28. Nxe4 Rxe4 29. Rc3 Rc4+ 30. Kg1 Qb6+ 31. Kh1 Rxc3 32. bxc3 Qb1+ 33.
Kg2 Qc2+ 34. Kf3 Qxc3+ 35. Kf4 Rd8 36. Re5 g5+ 37. Kf5 Qc8+ 0-1

[Event "C.to Europeo U18"]
[Site "Fermo ITA"]
[Date "2009.09.04"]
[Round "5"]
[White "Recuero Guerra, David"]
[Black "Martin Fuentes, Alberto"]
[Result "1/2-1/2"]
[WhiteElo "2460"]
[BlackElo "2244"]
[PlyCount "129"]
[EventDate "2009.08.31"]

1. e4 e6 2. d4 d5 3. Nc3 Bb4 4. e5 c5 5. Bd2 Nc6 6. Nb5 Bxd2+ 7. Qxd2 Nxd4 8.
Nxd4 cxd4 9. f4 Ne7 10. Nf3 Bd7 11. Nxd4 Qb6 12. O-O-O a6 13. Kb1 g6 14. h4 Nf5
15. Rh3 Qxd4 16. Qxd4 Nxd4 17. Rxd4 h5 18. Rb3 Bc6 19. g3 O-O-O 20. Kc1 Kc7 21.
Bg2 Rd7 22. c4 dxc4 23. Rxc4 Rhd8 24. Rxb7+ Kxb7 25. Bxc6+ Kb6 26. Bxd7 Rxd7
27. Kc2 Kb5 28. b3 Kb6 29. a4 Rd5 30. b4 Rd7 31. Rc8 Rd4 32. Kb3 Rd1 33. Rb8+
Kc7 34. Rf8 Rd7 35. Kc4 Kb6 36. b5 axb5+ 37. axb5 Kb7 38. Kc5 Rd5+ 39. Kb4 Rd4+
40. Ka5 Rd7 41. Re8 Ka7 42. Rc8 Kb7 43. Rh8 Rd4 44. Rh7 Rd7 45. f5 gxf5 46.
Rxh5 Rd1 47. Rh7 Ra1+ 48. Kb4 Kb6 49. Rxf7 Re1 50. h5 Re4+ 51. Kc3 Re3+ 52. Kd2
Rxg3 53. Rf6 Kxb5 54. Rxe6 Kc5 55. Rd6 f4 56. Rd8 Rg2+ 57. Kd3 f3 58. Ke4 f2
59. Rc8+ Kb6 60. Rf8 Rh2 61. e6 Rxh5 62. e7 Rh1 63. Kd5 Rd1+ 64. Kc4 Re1 65.
Kd4 1/2-1/2

[Event "C.to Europeo U18"]
[Site "Fermo ITA"]
[Date "2009.09.04"]
[Round "5"]
[White "Rocks, Daniel"]
[Black "Zupec, Jan"]
[Result "1-0"]
[WhiteElo "2037"]
[BlackElo "1976"]
[PlyCount "103"]
[EventDate "2009.08.31"]

1. e4 c6 2. Nf3 d5 3. Nc3 dxe4 4. Nxe4 Nf6 5. Nxf6+ exf6 6. Bc4 Be7 7. O-O O-O
8. d4 Bg4 9. c3 Nd7 10. Bf4 Nb6 11. Be2 Bd6 12. Bxd6 Qxd6 13. Nd2 Bxe2 14. Qxe2
Rfe8 15. Qf3 Re7 16. Rfe1 Rae8 17. Rxe7 Qxe7 18. Kf1 Kf8 19. Qd3 Nd5 20. g3 f5
21. Nf3 Qe4 22. Qxe4 fxe4 23. Ne5 Nb6 24. Re1 g5 25. f3 exf3 26. Nxf3 f6 27.
Rxe8+ Kxe8 28. Ne1 Ke7 29. Nd3 Na4 30. Ke2 Ke6 31. c4 b5 32. c5 Kd5 33. Ke3 a5
34. b4 axb4 35. Nxb4+ Kc4 36. Nxc6 Nc3 37. Ne7 b4 38. c6 Nb5 39. d5 Kc5 40. Ke4
Nc3+ 41. Kf5 Kd6 42. Kxf6 Nxa2 43. Nf5+ Kc7 44. Nd4 Nc3 45. Ke6 Ne4 46. Ke5 Nd6
47. Ne6+ Kb8 48. Kxd6 b3 49. c7+ Kc8 50. Kc6 b2 51. d6 b1=Q 52. d7# 1-0

[Event "C.to Europeo U18"]
[Site "Fermo ITA"]
[Date "2009.09.04"]
[Round "5"]
[White "Sabuk, Piotr"]
[Black "Kavcic, Janez"]
[Result "1-0"]
[WhiteElo "2216"]
[BlackElo "1998"]
[PlyCount "97"]
[EventDate "2009.08.31"]

1. e4 c5 2. Nf3 Nc6 3. d4 cxd4 4. Nxd4 e5 5. Nb5 d6 6. N1c3 a6 7. Na3 b5 8. Nd5
Nge7 9. c4 Nd4 10. cxb5 Nxd5 11. exd5 Be7 12. Bc4 Bg5 13. O-O O-O 14. Be3 Bxe3
15. fxe3 Nf5 16. Qe2 Qb6 17. Rae1 Ne7 18. Qd3 f5 19. Ra1 f4 20. Kh1 Qxe3 21.
Qxe3 fxe3 22. Rxf8+ Kxf8 23. Rf1+ Kg8 24. Re1 Bb7 25. Rxe3 Bxd5 26. b6 Rb8 27.
Rb3 Kf7 28. Bxd5+ Nxd5 29. Nc4 Ke6 30. Rd3 Rb7 31. Kg1 Rd7 32. Kf2 Ne7 33. Rb3
Rb7 34. Na5 Rb8 35. b7 Kd7 36. Rb6 Kc7 37. Rxa6 g6 38. b4 Kd7 39. b5 h6 40. b6
Nc6 41. Ra8 Nxa5 42. Rxb8 Kc6 43. Rg8 Kxb7 44. Rxg6 Nc4 45. Rxh6 Kxb6 46. g4
Kc5 47. g5 e4 48. g6 Kd4 49. Ke2 1-0

[Event "C.to Europeo U18"]
[Site "Fermo ITA"]
[Date "2009.09.04"]
[Round "5"]
[White "Salgado Lopez, Ivan"]
[Black "Nuri, Kambez"]
[Result "1-0"]
[WhiteElo "2558"]
[BlackElo "2198"]
[PlyCount "57"]
[EventDate "2009.08.31"]

1. e4 e5 2. Nf3 Nc6 3. Bb5 g6 4. O-O Bg7 5. c3 a6 6. Ba4 d6 7. d4 Bd7 8. h3 Nf6
9. Re1 O-O 10. Nbd2 h6 11. Nf1 Re8 12. Ng3 b5 13. Bc2 Qe7 14. Bd2 Nd8 15. a4
Nb7 16. Ra2 c5 17. b4 a5 18. bxc5 dxc5 19. dxe5 Nh7 20. axb5 Bxb5 21. Rb2 Ba6
22. Ba4 Red8 23. Bc6 Qc7 24. Bd5 c4 25. Be3 Nc5 26. Bxc5 Qxc5 27. Qa4 Rab8 28.
Rxb8 Rxb8 29. Qd7 1-0

[Event "C.to Europeo U18"]
[Site "Fermo ITA"]
[Date "2009.09.04"]
[Round "5"]
[White "Sivuk, Vitaly"]
[Black "Getz, Nicolai"]
[Result "1-0"]
[WhiteElo "2346"]
[BlackElo "2219"]
[PlyCount "119"]
[EventDate "2009.08.31"]

1. e4 e5 2. Nf3 Nc6 3. Bc4 Nf6 4. Ng5 d5 5. exd5 b5 6. dxc6 bxc4 7. Qe2 Qd5 8.
f4 h6 9. Nf3 e4 10. Ne5 Be6 11. b3 Bd6 12. Bb2 e3 13. Nxc4 Bxf4 14. dxe3 Bg4
15. Qd2 Qe6 16. O-O Rd8 17. Qc3 Bg5 18. Nbd2 O-O 19. Nf3 Bxf3 20. Rxf3 Qxc6 21.
Raf1 Rfe8 22. Qe1 Re4 23. Bxf6 Bxf6 24. Qg3 Re6 25. Qg4 Rd5 26. Rf5 g6 27. Rxd5
Qxd5 28. Qf3 Qc5 29. Kh1 Kg7 30. h3 Qb4 31. e4 Qe7 32. Re1 Qb4 33. Re2 Qc5 34.
g3 Bd4 35. Qd3 Kh7 36. b4 Qh5 37. g4 Qb5 38. Qxd4 Rc6 39. Na5 Qxe2 40. Nxc6
Qf1+ 41. Kh2 Qe2+ 42. Kg3 Qe1+ 43. Kf4 Qc1+ 44. Qe3 g5+ 45. Kf3 Qd1+ 46. Qe2
Qh1+ 47. Ke3 Qc1+ 48. Kf2 Qb2 49. e5 Kg7 50. Qd2 Qxa2 51. Nd4 Qc4 52. Nf5+ Kh7
53. c3 Qe4 54. Qe3 Qh1 55. Ke2 Qg2+ 56. Kd3 Qf1+ 57. Kd4 Qa6 58. Qe4 Qb6+ 59.
Kc4 Qe6+ 60. Qd5 1-0

[Event "C.to Europeo U18"]
[Site "Fermo ITA"]
[Date "2009.09.04"]
[Round "5"]
[White "Stankovic, Milos"]
[Black "Leniart, Arkadiusz"]
[Result "0-1"]
[WhiteElo "2306"]
[BlackElo "2390"]
[PlyCount "42"]
[EventDate "2009.08.31"]

1. e4 c5 2. Nf3 Nc6 3. d4 cxd4 4. Nxd4 Nf6 5. Nc3 e5 6. Ndb5 d6 7. Bg5 a6 8.
Na3 b5 9. Nd5 Be7 10. Bxf6 Bxf6 11. c4 b4 12. Nc2 Rb8 13. Qf3 Bg5 14. h4 Bxh4
15. g3 Bg5 16. Bh3 Be6 17. Bxe6 fxe6 18. Qh5+ Kd7 19. f4 exf4 20. gxf4 exd5 21.
cxd5 Bxf4 0-1

[Event "C.to Europeo U18"]
[Site "Fermo ITA"]
[Date "2009.09.04"]
[Round "5"]
[White "To, Nhat Minh"]
[Black "Nabaty, Tamir"]
[Result "0-1"]
[WhiteElo "2366"]
[BlackElo "2504"]
[PlyCount "110"]
[EventDate "2009.08.31"]

1. e4 e6 2. d4 d5 3. Nc3 Bb4 4. Bd2 Ne7 5. a3 Bxc3 6. bxc3 c5 7. dxc5 O-O 8.
Bd3 Nd7 9. exd5 Nxc5 10. Qh5 Nxd3+ 11. cxd3 Nxd5 12. Ne2 b6 13. c4 Nf6 14. Qf3
Rb8 15. Bc3 Bb7 16. Qg3 Rc8 17. O-O Nh5 18. Qe3 Qh4 19. a4 e5 20. f3 Rfe8 21.
a5 Rc6 22. axb6 axb6 23. Rfb1 Qd8 24. Be1 Nf4 25. Ra3 Ne6 26. Bf2 Nc5 27. Qd2
e4 28. Nd4 Rg6 29. dxe4 Nxe4 30. fxe4 Bxe4 31. Re1 Rxg2+ 32. Kf1 Rxh2 33. Rxe4
Rxe4 34. Nf3 Qf8 35. Rd3 Rh1+ 36. Kg2 Rh6 37. Rd8 Re8 38. Rxe8 Qxe8 39. Qd5 Re6
40. Qd4 h6 41. Nd2 Rg6+ 42. Kf1 Qa8 43. Ke2 Re6+ 44. Be3 Qg2+ 45. Kd1 Qg6 46.
Kc1 Rd6 47. Qe5 Qd3 48. Bf4 Re6 49. Qb8+ Kh7 50. Qc7 Re1+ 51. Kb2 Re2 52. Kc1
Qc3+ 53. Kd1 Rf2 54. Ke1 Qd4 55. Ne4 Rg2 0-1

[Event "C.to Europeo U18"]
[Site "Fermo ITA"]
[Date "2009.09.04"]
[Round "5"]
[White "Van Cappellen, Jonas"]
[Black "Ponizil, Cyril"]
[Result "0-1"]
[WhiteElo "2002"]
[BlackElo "2314"]
[PlyCount "130"]
[EventDate "2009.08.31"]

1. e4 c5 2. Nf3 Nc6 3. d4 cxd4 4. Nxd4 e5 5. Nb5 d6 6. N1c3 a6 7. Na3 Be7 8.
Nc4 b5 9. Ne3 Nf6 10. g3 O-O 11. Bg2 Rb8 12. O-O b4 13. Ncd5 Nxd5 14. Nxd5 Bg5
15. f4 Bh6 16. f5 Bxc1 17. Rxc1 Ne7 18. f6 Nxd5 19. exd5 gxf6 20. Be4 Qb6+ 21.
Kg2 Qe3 22. Qf3 Qxf3+ 23. Rxf3 f5 24. Bxf5 Rb5 25. Be4 Ra5 26. Rf6 Rxa2 27. b3
a5 28. Rxd6 a4 29. bxa4 Rxa4 30. Bd3 Ra7 31. Rb1 Rb7 32. h3 Bd7 33. g4 f6 34.
Ra1 Kg7 35. Kf3 Rf7 36. Ke4 Be8 37. Rb1 Rfc7 38. Ke3 Bf7 39. Rb3 Be8 40. Ra6 h6
41. Ra8 Bf7 42. Be4 Rc4 43. d6 Rd7 44. Rd3 Be6 45. Re8 Kf7 46. Rh8 Rxc2 47.
Rh7+ Ke8 48. Rxh6 Kf7 49. Rh7+ Kf8 50. Rh8+ Kf7 51. Rh7+ Kf8 52. Rh8+ Kf7 53.
Bf5 Bxf5 54. gxf5 Kg7 55. Rh4 Rc6 56. Rd2 Rc3+ 57. Ke2 b3 58. Rd1 Rg3 59. Rg4+
Rxg4 60. hxg4 b2 61. Kf3 Rxd6 62. Rb1 Rb6 63. Ke4 Kh6 64. Kf3 Kg5 65. Rh1 Rb3+
0-1